000 00351 a2200169 4500
001 186479
020 _a85-08-04715-0
040 _cMagnum
100 _aMachado, Ana Maria
240 1 0 _aBesouro e prata
_lpor
245 1 0 _aBesouro e prata
300 _a24
362 0 _a2001
440 1 _aÁtica
697 _aLITERATURA INFANTIL
942 _cBK
999 _c186479
_d186479